000 00273nam a22001337a 4500
008 181218b xxu||||| |||| 00| 0 eng d
020 _a9780072123555
041 _aeng
080 _a004
100 _a39
101 _aSHK
245 _aLINUX
_cpERSON.r
942 _2udc
_cBK
999 _c53435
_d53435